Spain UEFA Euro 2024 Winning Squad - Statistics

General Stats
  • This quiz has been taken 5,072 times
    4,715 since last reset
  • The average score is 17 of 27
Answer Stats
# Position Player % Correct
19 FW Lamine Yamal
97%
7 FW © Álvaro Morata
89%
17 FW Nico Williams
87%
20 MF Pedri
87%
23 GK Unai Simón
87%
2 DF Dani Carvajal
86%
16 MF Rodri
82%
24 DF Marc Cucurella
77%
10 FW Dani Olmo
75%
1 GK David Raya
73%
14 DF Aymeric Laporte
70%
21 FW Mikel Oyarzabal
67%
3 DF Robin Le Normand
67%
11 FW Ferran Torres
66%
8 MF Fabián Ruiz
64%
6 MF Mikel Merino
62%
5 DF Nacho
55%
Manager Luis de la Fuente
54%
18 MF Martín Zubimendi
50%
12 DF Álex Grimaldo
49%
25 MF Fermín López
43%
9 FW Joselu
43%
22 DF Jesús Navas
41%
13 GK Álex Remiro
37%
4 DF Daniel Vivian
33%
15 MF Álex Baena
28%
26 FW Ayoze Pérez
27%
No matching quizzes found
Score Distribution
Percent of People with Each Score
Percentile by Number Answered
Your Score History
You have not taken this quiz since the last reset